000 00783nam a2200229 a 4500
003 0
005 20250226081232.0
008 100826s19uu xx 00 eng d
050 _aPGS GV 1469.15
_b.N445 2010
100 _aNeri, Jeff B.
245 _aPeer relationship and computer gaming /
_cJeff B. Neri.
260 _aLas PiƱas City, Philippines :
_bSouthville International School and Colleges,
_c2010.
300 _a17 pages :
_billustrations ;
_c28 cm.
504 _aIncludes bibliographical references.
650 _aPeer pressure in children.
650 _aPeer influence.
650 _aSocial interaction in children.
650 _aFriendship in children.
650 _aComputer games
_vSocial aspects.
650 _aVideo games and children.
942 _2lcc
_cPASS
999 _c98354
_d98354